Herr der Ringe Trivia #6 - Statistiken

Allgemein
  • Dieses Quiz wurde 229 mal gespielt
  • Das Durchschnittsergebnis liegt bei 19 aus 25
Antwortstatistiken
Hint Antwort % Korrekt
Wer ist der jüngste der vier Hobbits? Pippin
96%
Wie viele Mitglieder der Gemeinschaft des Ringes sind am Ende der Triologie noch am Leben? 8
95%
Frodo und Sam erfahren von Faramir, dass wer gestorben ist? Boromir
95%
Wie viele Mahlzeit nehmen Hobbits laut Pippin pro Tag zu sich? 7
94%
Um was kümmert sich Gandalf bei Bilbos Geburtstagsfeier? Feuerwerk
93%
Wer sagte "nicht zwecklos fallen Loriens Blätter"? Aragorn
92%
Was nutzt der Balrog um Gandalf von der Brücke in Moria zu ziehen? Feuerpeitsche
91%
Was hat Denethor vor als man ihm Faramirs Körper bringt und er glaubt, dass dieser im Kampf gefallen sei? Will ihn und sich verbrennen
90%
Wer sagte "Ich möchte lieber ein einzelnes Leben mit dir verbringen als alle Zeitalter der Welt alleine zu durchleben? Arwen
87%
Was entgegnet Gimli während der Schlacht als Legolas im Alleingang einen Olifanten niederstreckt? Der zählt trotzdem nur als einer
87%
Wer tötet Grima? Legolas
87%
Wer sagte "Oh sie sind jung, sie sind zart, sie sind nett"? Gollum
85%
Wer erdolcht Saruman? Grima Schlangenzunge
81%
Wie wird Gandalf noch genannt? Graurock / Sturmkrähe / Mithrandir
69%
An welchen Finger welcher Hand trug Sauron den einen Ring? Zeigefinger rechte Hand
68%
Wie heißt die Stadt in der sich Faramir, Frodo, Sam und Gollum befinden und die von den Orks und Nazgul angegriffen wird? Osgiliath
66%
Was sagt Sam als Faramir fragt ob er Frodos Leibwächter sei? Nein sein Gärtner
64%
Wer sagte "Ich zweifel nicht an seinem Herzen, nur an der Reichweite seines Arms"? Eomer
62%
Was passiert wenn man den einen Ring in normales Feuer wirft? Die Schrift wird sichtbar
59%
Wie lautet Sams Nachname? Gamdschie
59%
Welcher Schauspieler verkörpert die Figur Gollum in der Trilogie? Andy Serkis
52%
Was für ein Geschenk erhielt Sam von Galadriel? Elbenseil
51%
Wie heißen die Sitzungen der Ents, in denen sie über Probleme diskutieren und über Entscheidungen abstimmen? Enting
47%
Wie werden die Ents noch genannt? Baumhirten
46%
Was stellt Gandalf fest, nachdem er Bilbo davon überzeugte den Ring bei Frodo zulassen und als Bilbo sein zuhause verlassen will? Das er den Ring immernoch hat
40%
Keine übereinstimmenden Quizze gefunden
Verteilung der Resultate
Anzahl Personen mit jedem Resultat
Perzentil nach korrekt beantworteten Fragen
Ihre Resultats-Entwicklung
Sie haben dieses Quiz noch nicht gespielt